<?xml version="1.0" encoding="UTF-8"?>
<record
    xmlns:xsi="http://www.w3.org/2001/XMLSchema-instance"
    xsi:schemaLocation="http://www.loc.gov/MARC21/slim http://www.loc.gov/standards/marcxml/schema/MARC21slim.xsd"
    xmlns="http://www.loc.gov/MARC21/slim">

  <leader>00615nam a22001577a 4500</leader>
  <controlfield tag="008">160111b        xxu||||| |||| 00| 0 eng d</controlfield>
  <datafield tag="020" ind1=" " ind2=" ">
    <subfield code="a">9780980061710</subfield>
  </datafield>
  <datafield tag="082" ind1=" " ind2=" ">
    <subfield code="a">729.28</subfield>
    <subfield code="b">RUS-A 2012</subfield>
  </datafield>
  <datafield tag="100" ind1=" " ind2=" ">
    <subfield code="a">Russell, Sage</subfield>
  </datafield>
  <datafield tag="245" ind1=" " ind2=" ">
    <subfield code="a">The architecture of light:</subfield>
    <subfield code="b">architectural lighting design concepts and techniques : a textbook of procedures and practices for the architect, interior designer and lighting designer.</subfield>
    <subfield code="c">Russell, Sage</subfield>
  </datafield>
  <datafield tag="250" ind1=" " ind2=" ">
    <subfield code="a">2nd.</subfield>
  </datafield>
  <datafield tag="260" ind1=" " ind2=" ">
    <subfield code="a">La Jolla:</subfield>
    <subfield code="b">Conceptnine Print Media,</subfield>
    <subfield code="c">2012.</subfield>
  </datafield>
  <datafield tag="300" ind1=" " ind2=" ">
    <subfield code="a">p.280;</subfield>
    <subfield code="b">ill.;</subfield>
    <subfield code="c">26cm.</subfield>
  </datafield>
  <datafield tag="650" ind1=" " ind2=" ">
    <subfield code="a">Lighting, Architectural and decorative</subfield>
  </datafield>
  <datafield tag="942" ind1=" " ind2=" ">
    <subfield code="2">ddc</subfield>
    <subfield code="c">BK</subfield>
  </datafield>
  <datafield tag="999" ind1=" " ind2=" ">
    <subfield code="c">355918</subfield>
    <subfield code="d">355918</subfield>
  </datafield>
  <datafield tag="952" ind1=" " ind2=" ">
    <subfield code="0">0</subfield>
    <subfield code="1">0</subfield>
    <subfield code="2">ddc</subfield>
    <subfield code="4">0</subfield>
    <subfield code="7">0</subfield>
    <subfield code="8">NFIC</subfield>
    <subfield code="a">CAS-E</subfield>
    <subfield code="b">CAS-E</subfield>
    <subfield code="c">DISPLAY</subfield>
    <subfield code="d">2016-01-11</subfield>
    <subfield code="e">Iqra</subfield>
    <subfield code="g">6473.00</subfield>
    <subfield code="l">0</subfield>
    <subfield code="o">729.28 RUS-A 2012</subfield>
    <subfield code="p">CAS-E0001163</subfield>
    <subfield code="r">2016-01-11</subfield>
    <subfield code="w">2016-01-11</subfield>
    <subfield code="y">BK</subfield>
  </datafield>
  <datafield tag="952" ind1=" " ind2=" ">
    <subfield code="0">0</subfield>
    <subfield code="1">0</subfield>
    <subfield code="2">ddc</subfield>
    <subfield code="4">0</subfield>
    <subfield code="7">0</subfield>
    <subfield code="8">NFIC</subfield>
    <subfield code="a">CAS-E</subfield>
    <subfield code="b">CAS-E</subfield>
    <subfield code="c">DISPLAY</subfield>
    <subfield code="d">2016-01-11</subfield>
    <subfield code="e">Iqra</subfield>
    <subfield code="g">6473.00</subfield>
    <subfield code="l">0</subfield>
    <subfield code="o">729.28 RUS-A 2012</subfield>
    <subfield code="p">CAS-E0001164</subfield>
    <subfield code="r">2016-01-11</subfield>
    <subfield code="t">C.2</subfield>
    <subfield code="w">2016-01-11</subfield>
    <subfield code="y">BK</subfield>
  </datafield>
</record>
